书目信息 |
| 题名: |
内陆水体边界测量原理与方法
|
|
| 作者: | 王俊 , 熊明 著 | |
| 分册: | ||
| 出版信息: | 北京 中国水利水电出版社 2019.2 |
|
| 页数: | 387页 | |
| 开本: | 26cm | |
| 丛书名: | ||
| 单 册: | ||
| 中图分类: | P332 | |
| 科图分类: | ||
| 主题词: | 内陆水域--水文测验--研究--中国 | |
| 电子资源: | ||
| ISBN: | 978-7-5170-7164-8 | |
| 000 | 01079nam0 2200253 45 | |
| 001 | 012001000698 | |
| 005 | 20130911170900.0 | |
| 010 | @a978-7-5170-7164-8@dCNY125.00 | |
| 100 | @a20190523d2019 em y0chiy50 ea | |
| 101 | 0 | @achi |
| 102 | @aCN@b110000 | |
| 105 | @aa az 000yy | |
| 106 | @ar | |
| 200 | 1 | @a内陆水体边界测量原理与方法@Anei lu shui ti bian jie ce liang yuan li yu fang fa@b专著@f王俊,熊明等著 |
| 210 | @a北京@c中国水利水电出版社@d2019.2 | |
| 215 | @a387页@c图@d26cm | |
| 320 | @a有书目(第383-387页) | |
| 330 | @a本书着重讲述了内陆水体边界测量的基本理论、方法和勘测技术,并依据山区河流、平原河流、感潮河段、湖泊、水库及特殊类型水体边界的不同特点,结合典型工程的测量实践,对水体边界测量的技术与方法、河床组成的测量分析、数据处理系统及信息管理等内容做了详细的介绍,并对内陆水体边界测量方法与技术进行了展望。书中还包含了作者的生产与科研的经验、知识和成果。 | |
| 606 | 0 | @a内陆水域@x水文测验@x研究@y中国 |
| 690 | @aP332@v5 | |
| 701 | 0 | @a王俊@Awang jun@4著 |
| 701 | 0 | @a熊明@Axiong ming@4著 |
| 801 | 0 | @aCN@bBJSDL@c20211011 |
| 905 | @b1335713-6@dP332@e178@f4 | |
| 内陆水体边界测量原理与方法/王俊,熊明等著.-北京:中国水利水电出版社,2019.2 |
| 387页:图;26cm |
| ISBN 978-7-5170-7164-8:CNY125.00 |
| 本书着重讲述了内陆水体边界测量的基本理论、方法和勘测技术,并依据山区河流、平原河流、感潮河段、湖泊、水库及特殊类型水体边界的不同特点,结合典型工程的测量实践,对水体边界测量的技术与方法、河床组成的测量分析、数据处理系统及信息管理等内容做了详细的介绍,并对内陆水体边界测量方法与技术进行了展望。书中还包含了作者的生产与科研的经验、知识和成果。 |
| ● |
| 相关链接 |
|
|
|
|
正题名:内陆水体边界测量原理与方法
索取号:P332/178
 
预约/预借
| 序号 | 登录号 | 条形码 | 馆藏地/架位号 | 状态 | 备注 |
| 1 | 1335713 | 213357133 | 第二样本阅览室/ [索取号:P332/178] | 在馆 | |
| 2 | 1335714 | 213357142 | 第三借阅区/ [索取号:P332/178] | 在馆 | |
| 3 | 1335715 | 213357151 | 第三借阅区/ [索取号:P332/178] | 在馆 | |
| 4 | 1335716 | 213357160 | 第三借阅区/ [索取号:P332/178] | 在馆 |